LIBRARY & INFORMATION CENTRE, KCAET, TAVANUR

ONLINE PUBLIC ACCESS CATALOGUE (OPAC)

Recommendations for symbolic designation of direction of closing and faces of doors, windows and shutters, IS 4043-1969 / (Record no. 7715)

MARC details
000 -LEADER
fixed length control field 01057cam a2200181ua 4500
041 ## - LANGUAGE CODE
Language code of text/sound track or separate title eng
082 ## - DEWEY DECIMAL CLASSIFICATION NUMBER
Classification number 690.028
Item number IND/RE
245 ## - TITLE STATEMENT
Title Recommendations for symbolic designation of direction of closing and faces of doors, windows and shutters, IS 4043-1969 /
250 ## - EDITION STATEMENT
Edition statement 1 /
260 ## - PUBLICATION, DISTRIBUTION, ETC. (IMPRINT)
Place of publication New Delhi :
Name of publisher Indian Standards Institution ,
Year of publication 1982.
300 ## - PHYSICAL DESCRIPTION
Number of Pages 7 ; .
942 ## - ADDED ENTRY ELEMENTS (KOHA)
Koha item type Books
Holdings
Withdrawn status Lost status Damaged status Home library Current library Date acquired Full call number Accession Number Koha item type
      KAUAET KAUAET 07/04/2012 690.028 17505 Standards
free website counter